000 00265nam a22000857a 4500
008 170527b xxu||||| |||| 00| 0 eng d
100 _93132
_aM. G. Lanham
245 _aSnatched From the Dragon: The Story of an African indian
260 _aNew York
_bThomas Publication
_c1971
999 _c6424
_d6424